| 000 | 00984nam a22001817a 4500 | ||
|---|---|---|---|
| 003 | OSt | ||
| 005 | 20241125141017.0 | ||
| 008 | 241125b |||||||| |||| 00| 0 eng d | ||
| 041 | _aEnglish | ||
| 082 | _aPM/VAT/12 Acc. No. 10,456 | ||
| 100 | _aHon. Haruna Iddrisu And Hon. Dr. Kwabena Duffour | ||
| 110 | _aMinistry Of Communications And Ministry Of Finance And Economic Planning | ||
| 245 | _aJoint Memorandum To Parliament By Hon. Haruna Iddrisu And Hon. Dr. Kwabena Duffour On Relief From The Payment Of Custom Duty, Vat, Edif, Ecowas Levy, Destination Inspection fees, Withholding Taxes, Corporate Income Taxes And Other Charges For The E-Government Platform Project | ||
| 260 |
_aAccra _bParliament Of Ghana _cJuly, 2012 |
||
| 300 | _a84P. 10Tabs | ||
| 650 | _2Relief From The Payment Of Custom Duty, Vat, Edif, Ecowas Levy, Destination Inspection fees, Withholding Taxes, Corporate Income Taxes And Other Charges For The E-Government Platform Project | ||
| 942 |
_2ddc _cMOU _n0 |
||
| 999 |
_c4838 _d4838 |
||